| 000 | 01202nam a22003497a 4500 | ||
|---|---|---|---|
| 003 | CHAP | ||
| 005 | 20220329140153.0 | ||
| 008 | 971013s r 00010 d | ||
| 010 | _a48012 | ||
| 011 | _a48984 | ||
| 035 | _a53132 | ||
| 040 | _cCHAP | ||
| 090 | _aFolleto 4590 | ||
| 100 | 0 | 0 |
_aVassallo Muñiz, Carlos César. _9118185 |
| 245 | _aCría de becerras con subproductos de leche | ||
| 260 |
_aChapingo, Méx. : _bDepartamento de Zootecnia, _c198? |
||
| 300 |
_a27 p. _b: ilus. |
||
| 500 | _ac.6 en bodega | ||
| 590 |
_aBATCH-UPD _b10 _c20130110 _lUCH01 _h0946 |
||
| 590 |
_aBATCH-UPD _b10 _c20130410 _lUCH01 _h0601 |
||
| 590 |
_aBATCH-UPD _b10 _c20130914 _lUCH01 _h0552 |
||
| 590 |
_aCONVERSION _b10 _c20130109 _lUCH01 _h1326 |
||
| 650 | 1 | 4 |
_aBecerros _xAlimentación. _911172 |
| 650 | 1 | 4 |
_aLeche _xSubproductos. _965410 |
| 901 | _aBK | ||
| 942 | _cFOLL | ||
| 949 |
_aFolleto 4590 _bBC _cFOLL _d-117994 _eTS1 _i53132 _mD _si |
||
| 949 |
_aFolleto 4590 _bBC _cFOLL _d-117996 _eTS2 _fc.2 _i53132 _si |
||
| 949 |
_aFolleto 4590 _bBC _cFOLL _d-117997 _eTS2 _fc.3 _i53132 _mD _si |
||
| 949 |
_aFolleto 4590 _bBC _cFOLL _d-118000 _eTS2 _fc.5 _i53132 _si |
||
| 949 |
_aFolleto 4590 _bBC _cUACH _d-117998 _eUACH _fc.4 _i53132 _si |
||
| 999 |
_c48012 _d48012 |
||